| 000 | 00830nam a2200241Ia 4500 | ||
|---|---|---|---|
| 003 | GCL | ||
| 005 | 20240530095643.0 | ||
| 008 | 140319s9999 xx 000 0 ara d | ||
| 040 |
_aGCL / _cGCL |
||
| 082 | 0 | 4 |
_a691 _bم م |
| 100 | 1 | _aمحمد ماجد عباس خلوصى | |
| 245 | 1 | 0 |
_aمبادئ القياس الدولية لاعمال التنفيذ / _cمحمد ماجد عباس خلوصى |
| 260 |
_a[S.N] : _bد. ن ، _c2005 |
||
| 300 |
_a556 ص ؛ _c24 سم |
||
| 650 | 0 | 4 | _aالتصميم الانشائى |
| 650 | 0 | 4 | _aالعمارة |
| 650 | 0 | 4 | _aالبلاط |
| 650 | 0 | 4 | _aالمبانى - المواصفات القياسية |
| 650 | 0 | 4 | _aالحفر - مواصفات الأمان |
| 650 | 0 | 4 | _aالخرسانة - مواصفات الأمان |
| 700 | 1 | _aاحمد ايمن خلوصى | |
| 942 |
_2ddc _cBK |
||
| 999 |
_c9230 _d9230 |
||